Estatísticas para 100 cidades mais populosas do Rio Grande do Sul

Clique aqui para jogar o quiz

Estatísticas Gerais

  • Esse quiz foi jogado 765 vezes
    (760 desde o último reset)
  • A pontuação média é 64 de 100

Estatísticas das Respostas

Resposta% Correto
Porto Alegre
99%
Caxias
97%
Pelotas
97%
Canoas
94%
Santa Maria
94%
Gramado
93%
Novo Hamburgo
93%
Canela
92%
Rio Grande
92%
Bagé
90%
Uruguaiana
90%
São leopoldo
89%
Viamao
89%
Bento gonçalves
88%
Passo fundo
87%
Erechim
86%
Ijui
85%
Torres
85%
Gravatai
84%
Alegrete
81%
Farroupilha
81%
Santa Cruz do Sul
81%
Santa Rosa
79%
Santo Angelo
79%
Alvorada
78%
Cachoeirinha
78%
Esteio
78%
Lajeado
77%
Sapucaia do sul
77%
Capão da canoa
76%
Santana do Livramento
76%
Tramandai
76%
Guaiba
75%
Osorio
75%
Vacaria
75%
Cruz Alta
74%
Garibaldi
72%
Sao Borja
72%
Sao Gabriel
72%
Venancio Aires
71%
Cachoeira do sul
70%
Camaquã
70%
Santo Antonio da Patrulha
69%
Carazinho
67%
Taquara
67%
Veranópolis
67%
Estrela
65%
Dom pedrito
63%
Campo Bom
62%
Marau
62%
Igrejinha
61%
Sapiranga
60%
Frederico Westphalen
59%
Estancia velha
58%
Montenegro
58%
Charqueadas
57%
Dois irmãos
56%
Eldorado do sul
56%
Itaqui
56%
Carlos Barbosa
55%
Nova Prata
55%
Rosario do Sul
55%
São lourenço do sul
55%
Soledade
55%
portão
54%
Guaporé
53%
Parobé
53%
Quarai
53%
Canguçu
52%
Flores da cunha
52%
Jaguarão
52%
Lagoa Vermelha
52%
Panambi
52%
Rio Pardo
52%
Santa Vitoria do palmar
49%
Ivoti
48%
Palmeira das missões
48%
Santiago
48%
Taquari
48%
São Francisco de Paula
47%
Tres Coroas
47%
São Sebastião do caí
46%
São Sepé
45%
Tres passos
44%
Triunfo
44%
São Jeronimo
42%
Sao luiz Gonzaga
42%
Tres de maio
42%
Butiá
40%
Sarandi
40%
Encantado
39%
Caçapava do sul
37%
Encruzilhada do Sul
37%
Vera Cruz
37%
Candelaria
36%
Capão do Leão
36%
Nova Santa Rita
36%
Tupanciretã
35%
Teutônia
33%
São Jose do Norte
32%

Distribuição das Pontuações

Percentil de Números Respondidos

Porcentagem de Pessoas com Cada Pontuação

Sua Pontuação Histórica

Você não jogou esse quiz desde o último reset